000 00386nam a2200169Ia 4500
008 210210b1961 xxu||||| |||| 00| 0 eng d
041 _aeng
082 _a590/70
100 _aDOBINSON (C H) Ed
245 _aBirth and growth
260 _aLondon
_bLongman Green & Co Ltd.,
_c1961
650 _agrowth
650 _aBirth
650 _aand
690 _aZoology
906 _a010644
999 _c138411
_d138411